kku e-library facility

Fundamentals of Electric Circuits (Record no. 197)

MARC details
000 -LEADER
fixed length control field 00438nam a22001457a 4500
005 - DATE AND TIME OF LATEST TRANSACTION
control field 20260327090053.0
008 - FIXED-LENGTH DATA ELEMENTS--GENERAL INFORMATION
fixed length control field 260327b |||||||| |||| 00| 0 eng d
020 ## - INTERNATIONAL STANDARD BOOK NUMBER
International Standard Book Number 978-007-127238-4
100 ## - MAIN ENTRY--PERSONAL NAME
Personal name Alexander K. Charles and Sadiku O.N. Matthew
245 ## - TITLE STATEMENT
Title Fundamentals of Electric Circuits
Statement of responsibility, etc. / Charles K. Alexander
250 ## - EDITION STATEMENT
Edition statement 4th ed
260 ## - PUBLICATION, DISTRIBUTION, ETC.
Place of publication, distribution, etc. New York;
Name of publisher, distributor, etc. McGraw-Hill;
Date of publication, distribution, etc. 2009
300 ## - PHYSICAL DESCRIPTION
Extent XXVIII,901p.ill;
Dimensions 25.2cm
942 ## - ADDED ENTRY ELEMENTS (KOHA)
Source of classification or shelving scheme Dewey Decimal Classification
Koha item type Books
Suppress in OPAC No

No items available.

©2025 All rights reserved. KKU